| 000 | 01120nac a2200217 a 4500 | ||
|---|---|---|---|
| 003 | Co-PeBPM | ||
| 005 | 20250812163953.0 | ||
| 008 | 240613t[260c]||||xx |||||||||||||| ||und|| | ||
| 020 | _a9588857152 | ||
| 040 | 0 |
_aCo-PeBPM _bspa _cCo-PeBPM _erda |
|
| 041 | 0 | _aspa | |
| 082 | _a340.11 G65j | ||
| 100 | _aGómez Valencia, Herinaldy. | ||
| 245 | 0 |
_aJusticias indígenas de Colombia _b: reflexiones para un debate cultural, jurídico y político : pueblos Kogui, Arhuaco, Wiwa, Kankuamo, Nasa, Misak, Yanacona y Camëntsá / $cHerinaldy Gómez Valencia. _c/ Herinaldy Gómez Valencia |
|
| 260 |
_aBogotá _b: Consejo Superior de la Judicatura _c, 2015 |
||
| 300 |
_a744 páginas _b: ilustraciones _c; 24 cm. |
||
| 500 |
_aIncluye índice y anexo _aPublicación donada por el Ministerio de Cultura. Plan Nacional de Lectura y Escritura. Leer es mi cuento 2015. |
||
| 504 | _aIncluye referencias bibliográficas (páginas 735-741) | ||
| 650 | 1 | 4 |
_aIndígenas de Colombia _x-Aspectos jurídicos _x-Colombia _aDerechos de los indígenas _x-Colombia _aIndígenas de Colombia _x-Relaciones con el gobierno _2LEMB |
| 942 |
_2ddc _cBK _n0 |
||
| 999 |
_c61160 _d61160 |
||